Представление документа в формате RUSMARC

ПолеНазваниеЗначение
  Тип записи a
  Библиографический уровень m
001 Контрольный номер admiBOOK00015028
005 Дата корректировки 20160826160556.0
010 Индекс ISBN __
a ISBN 5-238-00792-2
d Цена 105.00/125.00
100 Данные общей обработки __
a Данные общей обработки 19011207 |||y0 y0189 ca
101 Язык документа 0_
a Язык текста rus
105 Кодированные данные (монография) __
a Кодированные данные (монография) zy
200 Заглавие и сведения об ответственности 1_
a Заглавие Гостиничный бизнес
e Сведения, относящиеся к заглавию Учебник для студентов вузов, обучабщихся по специальностям сервиса (230000)
f Первые сведения об ответственности С.Медлик, Х.Инграм
205 Сведения об издании __
b Дополнительные сведения об издании Гриф УМЦ
210 Выходные данные 1_
a Место издания М
c Издательство ЮНИТИ-ДАНА
d Дата издания 2005
215 Физическое описание __
a Объем 239с.
225 Серия 2_
a Серия Зарубежный учебник
606 Тематические рубрики __
a Основная рубрика Экономика туризма
x Основная подрубрика Экономика гостиничного хозяйства
610 Ключевые слова 0_
a Ключевые слова Гостиничный бизнес
a Ключевые слова Гостеприимство
a Ключевые слова Гостиничная продукция
a Ключевые слова Политика гостиниц
a Ключевые слова Философия гостиниц
a Ключевые слова Стратегия гостиниц
a Ключевые слова Структура гостиничной индустрии
a Ключевые слова Маленькая гостиница
a Ключевые слова Гостиницные группы
a Ключевые слова Международные гостиничные операции
a Ключевые слова Обслуживание гостей
a Ключевые слова Дополнительные услуги гостиницы
a Ключевые слова Укомплектование гостиницы персоналом
a Ключевые слова Эффективность работы гостиниц
675 Индекс УДК __
a Индекс УДК [338.46:640.41](100)(075.8)
686 Индексы других классификаций __
a Классификационный индекс 65.433
a Классификационный индекс 65.432
700 Автор _1
a Фамилия Медлик
b Имя С.
852 Данные о местонахождении __
c Местонахождение стеллажа 65.433
c Местонахождение стеллажа 65.432
j Шифр хранения 65.433
852 Данные о местонахождении __
b Сигла хранения ЧЗ_1
t Номер экземпляра 2
i Авторский знак М42
p Инвентарный номер 138595
p Инвентарный номер 140781
901 Тип документа __
t Тип документа m
911 __
u 952a=Учебник
u 952p=1703
u 952p=1650
938 Служебная информация __
a Название организации Саранский филиал
b Имя БД OUTPUT.MRC_Саранск
c Название АИБС АИБС Библиотека
938 Служебная информация __
a Название организации Владимирский филиал